00762pam a2200241 a 45000010008000000030004000080050017000120080041000290100017000700200025000870400018001120500020001300820018001501000021001682450057001892500012002462600109002583000033003675000020004005040030004206000030004506500040004803735341OSt20170206144319.0811215s1981 ilua b 001 0beng  a 81082250  a0940114143 :c$25.00 aDLCcDLCdDLC00aND237.B2614bL600a759.13aB2191 aLove, Richard H.10aJohn Barber, the artist, the man /cRichard H. Love. a1st ed. aChicago :bHaase-Mumm Pub. Co. :bDistributed by the Amart Book and Cataloging Distributing Co.,cc1981. axv, 189 p. :bill. ;c27 cm. aIncludes index. aBibliography: p. 177-189.10aBarber, John,d1893-1965. 0aPainterszUnited StatesvBiography.